000 00511nam a2200145Ia 4500
005 20260209120140.0
008 260209s9999||||xx |||||||||||||| ||und||
100 _aNidhi Chauhan
245 0 _aInternational law and norms of jus cogens
260 _aBangaloreBangalore
_bNLSIU
_c2018
300 _a120 p. ; 25 cm.
650 _aDomestic Laws V. Jus Cogens Jus Cogens & Human Rights
700 _aProf. H K Nagaraja - GuideProf. H K Nagaraja - Guide
856 _uhttps://dans.nls.ac.in/handle/123456789/1508
999 _c217373
_d217373